=LDR 00000nam 2200000 4500 =001 INLIS000000000014665 =005 20130612105937 =008 ***********************************Ind** =035 ##$$0010-061300000014665 =041 ##$$a Ind =082 ##$$a 610.73 =090 ##$$a 610.73, Dep s =245 ##$$a Standar asuhan keperawatan, Tim Depkes RI, Direktorat RSU dan Kependidikan Dirjen Pelayanan Medik Departemen Kesehatan RI =260 ##$$a 1993 $b Jakarta =300 ##$$a vi, 39 hlm, 21 cm =650 ##$$a Ilmu Perawatan =850 ##$$a NBPNMAT